Thế giới ngầm ở Tokyo
में बचाया:
| स्वरूप: | पुस्तक |
|---|---|
| प्रकाशित: |
2003
|
| टैग : |
टैग जोड़ें
कोई टैग नहीं, इस रिकॉर्ड को टैग करने वाले पहले व्यक्ति बनें!
|
| Thư viện lưu trữ: | Mạng thư viện Đại học Đà Nẵng |
|---|
| LEADER | 00436nam a22001811a 4500 | ||
|---|---|---|---|
| 001 | 000038865 | ||
| 003 | 15160 | ||
| 005 | 20160412021848.0 | ||
| 008 | 160412s2003 000 | ||
| 082 | |a 4V(TK)74 | ||
| 245 | |a Thế giới ngầm ở Tokyo |c Rober Whiting | ||
| 260 | |c 2003 | ||
| OWN | |a LNN | ||
| 999 | |a From the UDN01 | ||
| TYP | |a Monograph | ||
| 980 | |a Mạng thư viện Đại học Đà Nẵng | ||